Estudio de prefactibilidad para la instalación de una empresa dedicada a la producción y comercialización de cartucheras pegables en el municipio de Managua, durante el periodo 2023-2028

El presente trabajo tiene como objetivo evaluar de manera técnica, económica y financiera la creación de una empresa que elabore y comercialice cartucheras o lapiceras pegables. La investigación da inicio con el estudio de mercado cuya meta es averiguar, por medio de la encuesta los gustos, pref...

Full description

Bibliographic Details
Main Authors: Castillo Bermúdez, Rachel Abigail, Valle Narváez, Luis Fernando, Urbina Vargas, Santos William
Other Authors: Tutor: Silvestri Jirón, Pietro Marcelo
Format: Tesis Section = Libro
Language:Undetermined
Spanish
Published: Managua UNI 2022
Subjects:
LEADER 01862nam a2200289Ia 4500
008 240830s9999 xx 000 0 und d
040 |a BIBLIOTECA-RUPAP/ Mon 658.11 C352 
041 |a spa 
082 |a Mon 658.11 C352 
100 1 |a Castillo Bermúdez, Rachel Abigail 
100 1 |b  Valle Narváez, Luis Fernando 
100 1 |c Urbina Vargas, Santos William 
245 1 0 |a Estudio de prefactibilidad para la instalación de una empresa dedicada a la producción y comercialización de cartucheras pegables en el municipio de Managua, durante el periodo 2023-2028 
260 |a Managua  |b UNI  |c 2022 
300 |a 231 p. :il. 
500 |a Contiene: anexos y CD. 
502 |a Tesis (Ingeniero Industrial) - UNI, 2022. 
520 3 |a El presente trabajo tiene como objetivo evaluar de manera técnica, económica y financiera la creación de una empresa que elabore y comercialice cartucheras o lapiceras pegables. La investigación da inicio con el estudio de mercado cuya meta es averiguar, por medio de la encuesta los gustos, preferencias, poder adquisitivo y lugares de compra preferidos de la población encuestada; además de analizar el comportamiento de las empresas competidoras en la actualidad que permita examinar cuáles serían los principales obstáculos que se encontrarían al momento de insertarse en el mercado. De igual manera, determina el rango de precios que los consumidores estarían dispuestos a pagar, así como los principales medios de comunicación que se estarían utilizando para dar a conocer el producto. 
650 7 |a NUEVOS NEGOCIOS-PROYECTOS 
650 7 |b  ESTUDIOS DE FACTIBILIDAD 
650 7 |c  ESTUDIO DE MERCADO 
650 7 |d  ESTUDIO FINANCIERO 
650 7 |e  CARTUCHERAS PEGABLES-COMERCIO 
700 1 |a Tutor:  |b Silvestri Jirón, Pietro Marcelo 
942 |c BK  |2 ddc 
991 |a Tesis 
999 |c 27651